LEADER 00939nam0-22003491i-450- 001 990001351320403321 010 $a3-540-59065-X 035 $a000135132 035 $aFED01000135132 035 $a(Aleph)000135132FED01 035 $a000135132 100 $a20000920d1995----km-y0itay50------ba 101 0 $aeng 200 1 $aFinite geometry and character theory$fAlexander Pott 210 $aBerlin$cSpringer-Verlag$d1995 215 $avi, 181 p.$d24 cm 225 1 $aLecture Notes in Mathematics$v1601 610 0 $aGeometria finita 610 0 $aTeoria dei caratteri 676 $a514.223 700 1$aPott,$bAlexander$060997 801 0$aIT$bUNINA$gRICA$2UNIMARC 901 $aBK 912 $a990001351320403321 952 $aC-20-(1601$b14243$fMA1 959 $aMA1 962 $a05B05 962 $a05B10 962 $a05B10 996 $aFinite geometry and character theory$978108 997 $aUNINA DB $aING01